Kecil hati

Bibliographic Details
Format: Book
Published: Selangor : Eagle Publications , 2007
Series:Siri mengenali simpulan bahasa
Subjects:

MARC

LEADER 00000cam a2200000 7i4500
001 0000047854
005 20220105104145.0
008 150527
020 |a 9789833537488 
090 0 0 |a JP   |b MAL 
245 1 0 |a Kecil hati 
260 |a Selangor :   |b Eagle Publications ,   |c 2007 
440 |a Siri mengenali simpulan bahasa 
500 |a Children age 4-6 years old (yellow) 
650 0 |a Junior preschool   |x Malay   |x Languages 
999 |a 0001074456   |b Book   |c Children Collection   |e Cawangan Taman Universiti 
999 |a 0001129526   |b Book   |c Children Collection   |e Cawangan Segamat 
999 |a 0001129527   |b Book   |c Children Collection   |e Cawangan Bandar Penawar